[Event "Belem Leao Memorial"]
[Site "Belem"]
[Date "2015.06.05"]
[Round "1"]
[White "Farias, Sergio Luiz Cardoso"]
[Black "Chaves, Joara"]
[Result "0-1"]
[WhiteElo "1625"]
[BlackElo "2020"]
[PlyCount "58"]
[EventDate "2015.06.05"]
[EventType "swiss"]
[EventRounds "6"]
[EventCountry "BRA"]
[SourceTitle "EXT 2016"]
[Source "ChessBase"]
[SourceDate "2015.10.08"]
[SourceVersion "1"]
[SourceVersionDate "2015.10.08"]
[SourceQuality "1"]

1. d4 Nf6 2. c4 g6 3. Nc3 Bg7 4. e4 d6 5. Nf3 0-0 6. Be2 e5 7. dxe5 dxe5 8. Qxd8 Rxd8 9. Nxe5 Nxe4 10. Nxf7 Bxc3+ 11. bxc3 Kxf7 12. 0-0 Be6 13. Bf3 Nc5 14. Ba3 Nbd7 15. Bd5 c6 16. Bxe6+ Kxe6 17. Rae1+ Kf7 18. Re3 Re8 19. Rf3+ Kg7 20. h4 Re2 21. Re3 Re8 22. Bc1 R8xe3 23. Bxe3 Rxa2 24. Bd4+ Kf7 25. f4 a5 26. f5 h5 27. f6 a4 28. Re1 Ne6 29. Rb1 Ndc5 0-1

[Event "Cordeiropolis Freitas Levy Memorial"]
[Site "Cordeiropolis"]
[Date "2015.05.24"]
[Round "6"]
[White "Chaves, Joara"]
[Black "Bonfim, Regina Rodrigues"]
[Result "1/2-1/2"]
[WhiteElo "2020"]
[BlackElo "2025"]
[PlyCount "20"]
[EventDate "2015.05.22"]
[EventType "swiss"]
[EventRounds "6"]
[EventCountry "BRA"]
[SourceTitle "CBM 166 Extra"]
[Source "ChessBase"]
[SourceDate "2015.06.18"]
[SourceVersion "1"]
[SourceVersionDate "2015.06.18"]
[SourceQuality "1"]

1. e4 e5 2. Nf3 Nc6 3. Bb5 a6 4. Bxc6 dxc6 5. d4 exd4 6. Qxd4 Qxd4 7. Nxd4 Nf6 8. 0-0 Be7 9. Nc3 Bd7 10. Bf4 0-0-0 1/2-1/2